000 00962nam a2200217Ia 4500
003 OSt
005 20241030104708.0
007 ca aa aaaaa
008 201103s9999 xx 000 0 und d
040 _cSSBUL
041 _abur
082 _223
_a၂၉၄.၃၄၄၃ သိ
_b၉၂၇၇ S-SAT
100 0 _aသိရိန္ဒာဘိဝံသ၊ အရှင်(ယောဆရာတော်)
245 1 0 _aမေတ္တာလက်တွဲရာပြည့်ပွဲ /
_cအရှင်သိရိန္ဒာဘိဝံသ(ယောဆရာတော်)။
250 _aဒုတိယအကြိမ်။
260 _aရန်ကုန် ၊
_bယုံကြည်ချက်စာပေ၊
_c၂၀၀၅။
300 _a၁၃၅ စာမျက်နှာ ၊
_c၁၇ စင်တီ။
500 _aS-SAT: Dr. Sai Aung Tun
650 _aဗုဒ္ဓဘာသာ
_xတရားတော်
_913507
942 _2ddc
_cBK1
999 _c16779
_d16779